Statistics for Endgame screentime

Click here to take the quiz!

General Stats

  • This quiz has been taken 328 times
  • The average score is 11 of 19

Answer Stats

HintAnswer% Correct
1h 2minutesIron man
99%
1h 6minutesCaptain america
98%
40 minutesHulk
97%
33 minutesBlack widow
94%
45 minutesThor
92%
37 minutesHawkeye
90%
38 minutesAnt-man
83%
36 minutesRocket
78%
15 minutesCaptain marvel
77%
41 minutesNebula
75%
35 minutesWar machine
68%
7 minutesGroot
40%
2 minutesLoki
35%
6 minutesOkoye
29%
6 minutesDrax
24%
8 minutesValkyrie
23%
6 minutesMantis
18%
6 minutesWong
18%
7 minutesShuri
13%

Score Distribution

Percentile by Number Answered

Percent of People with Each Score

Your Score History

You have not taken this quiz